00814nam a2200229 a 450000100060000000300080000600500170001400800410003103500190007204000270009104100080011808200240012610000260015024501230017626000380029930000290033765000270036665000240039394200120041799900170042995201380044672037BD-RjUL20211209082213.0170513s1963 nyua 000 0 eng d a(BD-RjUL)72253 aDLCcDLCdBD-RjULbeng aeng00a519.2223bADP 19631 aAdler, Irving921305410aProbability And Statistics For Everyman :bHow To Understand And Use The Laws Of Chance /cWith diagrs. by Ruth Adler. aNew York :bDennis Dobson,c1963. a254 p. :bill. ;c21 cm. 0aProbabilities.9213055 0aStatistics.9213056 2ddccBK c72037d72037 00102ddc40718NFICaRUCLbRUCLcReadingd1955-09-30eZetlingerg30.00l0o519.2 ADP 1963r2017-05-13 00:00:00tC-1w2017-05-13yBK